[Event "11th LCC Super Blitz 2019"]
[Site "London"]
[Date "2019.12.08"]
[Round "6.2"]
[White "Beinoras, Mindaugas"]
[Black "Roberson, Peter T"]
[Result "0-1"]
[WhiteElo "2401"]
[BlackElo "2282"]
[Annotator "NA"]
[PlyCount "70"]
[EventDate "2019.12.08"]
[EventType "swiss"]
[EventCountry "ENG"]
[SourceTitle "playchess.com"]
[Source "ChessBase"]
[SourceQuality "1"]
[TimeControl "180+2"]

1. d4 {[%emt 0:00:00]} e6 {[%emt 0:00:00]} 2. c4 {[%emt 0:00:00]} Nf6 {[%emt 0:00:00]} 3. Nf3 c5 4. d5 {[%emt 0:00:08]} d6 {[%emt 0:00:01]} 5. Nc3 {[%emt 0:00:02]} exd5 {[%emt 0:00:00]} 6. cxd5 {[%emt 0:00:01]} g6 {[%emt 0:00:01]} 7. e4 {[%emt 0:00:05]} a6 8. a4 {[%emt 0:00:02]} Bg4 {[%emt 0:00:02]} 9. Be2 {[%emt 0:00:04]} Bxf3 {[%emt 0:00:02]} 10. Bxf3 {[%emt 0:00:03]} Bg7 {[%emt 0:00:01]} 11. O-O {[%emt 0:00:02]} O-O {[%emt 0:00:01]} 12. Bf4 {[%emt 0:00:05]} Qe7 {[%emt 0:00:01]} 13. Qb3 {[%emt 0:00:04]} Nbd7 {[%emt 0:00:53]} 14. Qxb7 {[%emt 0:00:14]} Rfb8 {[%emt 0:00:14]} 15. Qc7 {[%emt 0:00:25]} Ne8 {[%emt 0:00:03]} 16. Qa5 {[%emt 0:00:07]} Rxb2 {[%emt 0:00:11]} 17. Rab1 {[%emt 0:00:18]} Rb4 {[%emt 0:00:07]} 18. Na2 {[%emt 0:00:03]} Rxb1 {[%emt 0:00:16]} 19. Rxb1 {[%emt 0:00:01]} Ne5 {[%emt 0:00:17]} 20. Be2 {[%emt 0:00:01]} c4 {[%emt 0:00:10]} 21. Nb4 {[%emt 0:00:05]} Rb8 {[%emt 0:00:04]} 22. Rc1 {[%emt 0:00:06]} Qb7 {[%emt 0:00:26]} 23. Bd2 {[%emt 0:00:24]} Nf6 {[%emt 0:00:20]} 24. f3 {[%emt 0:00:06]} Nfd7 {[%emt 0:00:05]} 25. f4 {[%emt 0:00:26]} Qa7+ {[%emt 0:00:06]} 26. Kf1 {[%emt 0:00:06]} Nd3 {[%emt 0:00:07]} 27. Bxd3 {[%emt 0:00:04]} cxd3 {[%emt 0:00:02]} 28. Nc6 {[%emt 0:00:01]} Qd4 {[%emt 0:00:12]} 29. Nxd4 {[%emt 0:00:02]} Bxd4 {[%emt 0:00:06]} 30. Qc7 {[%emt 0:00:01]} Rb2 {[%emt 0:00:04]} 31. Rd1 {[%emt 0:00:36]} Nc5 {[%emt 0:00:03]} 32. e5 {[%emt 0:00:07]} Ne4 {[%emt 0:00:03]} 33. Qc8+ {[%emt 0:00:09]} Kg7 {[%emt 0:00:01]} 34. Qc4 {[%emt 0:00:05]} Nxd2+ {[%emt 0:00:01]} 35. Rxd2 {[%emt 0:00:01]} Rb1+ {[%emt 0:00:02]} 0-1

[Event "11th LCC Super Blitz 2019"]
[Site "London"]
[Date "2019.12.08"]
[Round "6.3"]
[White "Aravindh, Chithambaram Vr"]
[Black "Stoyanov, Viktor"]
[Result "1-0"]
[WhiteElo "2560"]
[BlackElo "2191"]
[Annotator "ChessBase"]
[PlyCount "107"]
[EventDate "2019.12.08"]
[EventType "swiss"]
[EventCountry "ENG"]
[SourceTitle "playchess.com"]
[Source "ChessBase"]
[SourceQuality "1"]
[TimeControl "180+2"]

1. d4 {[%emt 0:00:00]} Nf6 {[%emt 0:00:00]} 2. Nf3 {[%emt 0:00:01]} e6 {[%emt 0:00:04]} 3. c4 {[%emt 0:00:01]} d5 {[%emt 0:00:02]} 4. e3 {[%emt 0:00:01]} c6 {[%emt 0:00:06]} 5. Nbd2 {[%emt 0:00:03]} Be7 {[%emt 0:00:02]} 6. Bd3 {[%emt 0:00:02]} O-O {[%emt 0:00:02]} 7. O-O {[%emt 0:00:03]} Nbd7 {[%emt 0:00:01]} 8. e4 {[%emt 0:00:05]} dxe4 {[%emt 0:00:02]} 9. Nxe4 {[%emt 0:00:02]} c5 {[%emt 0:00:01]} 10. dxc5 Nxc5 {[%emt 0:00:01]} 11. Nxf6+ {[%emt 0:00:17]} Bxf6 {[%emt 0:00:02]} 12. Bc2 {[%emt 0:00:01]} b6 {[%emt 0:00:07]} 13. Qe2 {[%emt 0:00:06]} Bb7 {[%emt 0:00:01]} 14. Be3 {[%emt 0:00:07]} Rc8 {[%emt 0:00:04]} 15. Rad1 {[%emt 0:00:04]} Qe7 {[%emt 0:00:02]} 16. Bd4 {[%emt 0:00:12]} Rfd8 {[%emt 0:00:18]} 17. Bxf6 {[%emt 0:00:02]} Qxf6 {[%emt 0:00:01]} 18. Ne5 {[%emt 0:00:02]} Qg5 {[%emt 0:00:08]} 19. f4 {[%emt 0:00:06]} Qe7 {[%emt 0:00:11]} 20. Rxd8+ {[%emt 0:00:37]} Rxd8 {[%emt 0:00:02]} 21. Rd1 {[%emt 0:00:02]} Rxd1+ {[%emt 0:00:09]} 22. Qxd1 {[%emt 0:00:01]} f6 {[%emt 0:00:02]} 23. Ng4 {[%emt 0:00:06]} Ne4 {[%emt 0:00:07]} 24. Qd4 {[%emt 0:00:09]} Qc5 {[%emt 0:00:02]} 25. Qxc5 {[%emt 0:00:02]} Nxc5 {[%emt 0:00:01]} 26. Kf2 {[%emt 0:00:12]} Ne4+ {[%emt 0:00:12]} 27. Bxe4 {[%emt 0:00:07]} Bxe4 {[%emt 0:00:03]} 28. g3 {[%emt 0:00:04]} Kf7 {[%emt 0:00:01]} 29. Ke3 {[%emt 0:00:01]} Bc6 {[%emt 0:00:01]} 30. Kd4 {[%emt 0:00:03]} Ke7 {[%emt 0:00:01]} 31. b4 {[%emt 0:00:02]} Kd6 {[%emt 0:00:07]} 32. a3 {[%emt 0:00:04]} Bb7 {[%emt 0:00:06]} 33. Nf2 {[%emt 0:00:06]} e5+ {[%emt 0:00:02]} 34. fxe5+ {[%emt 0:00:01]} fxe5+ {[%emt 0:00:01]} 35. Ke3 {[%emt 0:00:03]} h6 {[%emt 0:00:14]} 36. h4 {[%emt 0:00:03]} Ke6 {[%emt 0:00:03]} 37. g4 {[%emt 0:00:10]} h5 {[%emt 0:00:16]} 38. gxh5 {[%emt 0:00:14]} Kf5 {[%emt 0:00:01]} 39. Nd3 {[%emt 0:00:05]} Kg4 {[%emt 0:00:25]} 40. Nxe5+ {[%emt 0:00:02]} Kxh4 {[%emt 0:00:02]} 41. c5 {[%emt 0:00:01]} bxc5 42. bxc5 {[%emt 0:00:01]} Kxh5 {[%emt 0:00:02]} 43. c6 {[%emt 0:00:01]} Bc8 {[%emt 0:00:00]} 44. Nf7 {[%emt 0:00:05]} g5 {[%emt 0:00:36]} 45. Nd6 {[%emt 0:00:02]} Be6 {[%emt 0:00:01]} 46. c7 {[%emt 0:00:01]} a5 {[%emt 0:00:07]} 47. c8=Q {[%emt 0:00:24]} Bxc8 {[%emt 0:00:00]} 48. Nxc8 {[%emt 0:00:01]} Kg6 {[%emt 0:00:02]} 49. Nd6 {[%emt 0:00:02]} Kf6 {[%emt 0:00:12]} 50. Nc4 {[%emt 0:00:02]} a4 {[%emt 0:00:12]} 51. Nb2 {[%emt 0:00:03]} Ke5 {[%emt 0:00:01]} 52. Nxa4 {[%emt 0:00:02]} Kd5 {[%emt 0:00:01]} 53. Nc3+ {[%emt 0:00:10]} Kc4 {[%emt 0:00:01]} 54. a4 {[%emt 0:00:03]} 1-0

[Event "11th LCC Super Blitz 2019"]
[Site "London"]
[Date "2019.12.08"]
[Round "6.3"]
[White "Tanmay Chopra"]
[Black "Maze, Sebastien"]
[Result "1-0"]
[WhiteElo "2100"]
[BlackElo "2549"]
[Annotator "ChessBase"]
[PlyCount "135"]
[EventDate "2019.12.08"]
[EventType "swiss"]
[EventCountry "ENG"]
[SourceTitle "playchess.com"]
[Source "ChessBase"]
[SourceQuality "1"]
[TimeControl "180+2"]

1. d4 {[%emt 1:13:07]} Nf6 {[%emt 0:00:01]} 2. Nf3 {[%emt 0:00:02]} g6 3. c4 Bg7 4. Nc3 d6 5. e4 O-O {[%emt 0:00:02]} 6. Be2 {[%emt 0:00:05]} Na6 7. Be3 {[%emt 0:00:13]} e5 {[%emt 0:00:03]} 8. d5 {[%emt 0:00:01]} Ng4 {[%emt 0:00:14]} 9. Bg5 {[%emt 0:00:04]} f6 {[%emt 0:00:05]} 10. Bh4 c5 {[%emt 0:00:07]} 11. h3 {[%emt 0:00:13]} Nh6 {[%emt 0:00:02]} 12. g4 {[%emt 0:00:01]} Nf7 13. Qd2 {[%emt 0:00:01]} Bh6 {[%emt 0:00:01]} 14. Qc2 {[%emt 0:00:21]} Bf4 {[%emt 0:00:03]} 15. Bg3 {[%emt 0:00:02]} Bd7 {[%emt 0:00:19]} 16. Rg1 {[%emt 0:00:13]} Nc7 {[%emt 0:00:03]} 17. Bxf4 {[%emt 0:00:14]} exf4 {[%emt 0:00:01]} 18. h4 {[%emt 0:00:17]} Qe7 {[%emt 0:00:19]} 19. Qd2 g5 {[%emt 0:00:02]} 20. O-O-O {[%emt 0:00:07]} a6 {[%emt 0:00:02]} 21. Bd3 {[%emt 0:00:13]} Ne5 {[%emt 0:00:05]} 22. Nxe5 {[%emt 0:00:07]} Qxe5 {[%emt 0:00:04]} 23. Ne2 {[%emt 0:00:15]} b5 {[%emt 0:00:02]} 24. Qc3 {[%emt 0:00:01]} bxc4 {[%emt 0:00:04]} 25. Qxe5 {[%emt 0:00:04]} fxe5 {[%emt 0:00:02]} 26. Bxc4 {[%emt 0:00:01]} h6 27. f3 {[%emt 0:00:07]} Kg7 {[%emt 0:00:04]} 28. Rh1 {[%emt 0:00:03]} Ne8 {[%emt 0:00:08]} 29. Nc3 {[%emt 0:00:03]} Nf6 {[%emt 0:00:02]} 30. Rdg1 {[%emt 0:00:04]} Rfb8 {[%emt 0:00:02]} 31. Kc2 {[%emt 0:00:02]} Rb4 {[%emt 0:00:02]} 32. b3 a5 {[%emt 0:00:02]} 33. a3 {[%emt 0:00:03]} Rbb8 {[%emt 0:00:02]} 34. a4 {[%emt 0:00:06]} Rh8 {[%emt 0:00:07]} 35. Nb5 {[%emt 0:00:03]} Bxb5 {[%emt 0:00:03]} 36. Bxb5 {[%emt 0:00:01]} gxh4 {[%emt 0:00:06]} 37. Rxh4 {[%emt 0:00:03]} Nh7 {[%emt 0:00:01]} 38. Rf1 {[%emt 0:00:27]} Ng5 {[%emt 0:00:01]} 39. Rh5 Rab8 {[%emt 0:00:04]} 40. Kc3 {[%emt 0:00:02]} Nh7 {[%emt 0:00:08]} 41. Rf2 {[%emt 0:00:02]} Nf6 42. Rh4 {[%emt 0:00:06]} Kg6 {[%emt 0:00:05]} 43. Rfh2 {[%emt 0:00:02]} Kg5 {[%emt 0:00:01]} 44. R4h3 {[%emt 0:00:06]} Rb7 {[%emt 0:00:08]} 45. Rh1 {[%emt 0:00:02]} Rbh7 {[%emt 0:00:06]} 46. Bc6 {[%emt 0:00:04]} Rb8 {[%emt 0:00:02]} 47. Bb5 {[%emt 0:00:02]} Rhh8 48. Bc6 {[%emt 0:00:02]} Rb4 {[%emt 0:00:02]} 49. Bb5 {[%emt 0:00:03]} Rd4 {[%emt 0:00:02]} 50. Rg1 {[%emt 0:00:09]} Kg6 {[%emt 0:00:05]} 51. g5 {[%emt 0:00:02]} Nh7 {[%emt 0:00:31]} 52. Rxh6+ {[%emt 0:00:04]} Kg7 53. Rgh1 Nxg5 {[%emt 0:00:07]} 54. Rxh8 {[%emt 0:00:01]} Nxf3 55. R8h7+ {[%emt 0:00:01]} Kg6 {[%emt 0:00:02]} 56. R7h6+ Kg5 57. Rxd6 {[%emt 0:00:02]} Nd2 {[%emt 0:00:01]} 58. Rg1+ Kh5 59. Re6 {[%emt 0:00:02]} Nxe4+ {[%emt 0:00:01]} 60. Kb2 Rxd5 {[%emt 0:00:07]} 61. Bc6 Rd2+ 62. Kc1 Re2 {[%emt 0:00:02]} 63. Rxe5+ {[%emt 0:00:01]} Kh4 64. Rxe4 {[%emt 0:00:01]} Ra2 65. Ree1 {[%emt 0:00:02]} f3 66. Bxf3 {[%emt 0:00:02]} Ra3 67. Rg4+ {[%emt 0:00:02]} Kh3 68. Rh1# {[%emt 0:00:01]} 1-0

[Event "11th LCC Super Blitz 2019"]
[Site "London"]
[Date "2019.12.08"]
[Round "6.3"]
[White "Rishi, Thariani"]
[Black "Ratnesan, Ranesh"]
[Result "0-1"]
[WhiteElo "2008"]
[BlackElo "2213"]
[Annotator "NA"]
[PlyCount "84"]
[EventDate "2019.12.08"]
[EventType "swiss"]
[EventCountry "ENG"]
[SourceTitle "playchess.com"]
[Source "ChessBase"]
[SourceQuality "1"]
[TimeControl "180+2"]

1. e4 {[%emt 0:00:00]} c5 {[%emt 0:00:00]} 2. c3 {[%emt 0:00:03]} d5 {[%emt 0:00:00]} 3. exd5 {[%emt 0:00:01]} Qxd5 {[%emt 0:00:00]} 4. d4 {[%emt 0:00:01]} cxd4 5. cxd4 Nc6 6. Nf3 {[%emt 0:00:03]} e5 {[%emt 0:00:02]} 7. Nc3 {[%emt 0:00:24]} Bb4 {[%emt 0:00:01]} 8. Bd2 {[%emt 0:00:10]} Bxc3 9. Bxc3 {[%emt 0:00:00]} e4 {[%emt 0:00:02]} 10. Ne5 {[%emt 0:00:05]} Nxe5 11. dxe5 {[%emt 0:00:01]} Ne7 {[%emt 0:00:02]} 12. Be2 {[%emt 0:00:11]} O-O {[%emt 0:00:04]} 13. O-O {[%emt 0:00:02]} Qe6 {[%emt 0:00:03]} 14. Qc2 {[%emt 0:00:06]} Qg6 {[%emt 0:00:11]} 15. Rfe1 {[%emt 0:00:04]} Nc6 {[%emt 0:00:14]} 16. Bf1 {[%emt 0:00:21]} Bf5 {[%emt 0:00:01]} 17. Re3 {[%emt 0:00:01]} Rac8 {[%emt 0:00:09]} 18. Qb3 {[%emt 0:00:10]} b6 {[%emt 0:00:13]} 19. Rg3 {[%emt 0:00:08]} Qh5 {[%emt 0:00:30]} 20. e6 {[%emt 0:00:11]} Bg6 {[%emt 0:00:16]} 21. exf7+ {[%emt 0:00:05]} Kh8 {[%emt 0:00:04]} 22. Bc4 {[%emt 0:00:21]} Ne7 {[%emt 0:00:39]} 23. Bb4 {[%emt 0:00:00]} Rc7 {[%emt 0:00:14]} 24. Bc3 {[%emt 0:00:20]} Nf5 {[%emt 0:00:06]} 25. Rh3 {[%emt 0:00:02]} Qg5 {[%emt 0:00:06]} 26. Be5 {[%emt 0:00:14]} Re7 {[%emt 0:00:05]} 27. Qa3 {[%emt 0:00:18]} Bxf7 {[%emt 0:00:10]} 28. Be2 {[%emt 0:00:12]} Bg6 {[%emt 0:00:12]} 29. Rd1 {[%emt 0:00:04]} Ref7 {[%emt 0:00:01]} 30. Bg3 {[%emt 0:00:01]} e3 {[%emt 0:00:03]} 31. f4 {[%emt 0:00:04]} Qf6 {[%emt 0:00:03]} 32. Bd3 {[%emt 0:00:02]} Nxg3 {[%emt 0:00:05]} 33. hxg3 {[%emt 0:00:03]} Bxd3 34. Qxd3 {[%emt 0:00:01]} h6 {[%emt 0:00:06]} 35. Qxe3 {[%emt 0:00:01]} Re7 {[%emt 0:00:02]} 36. Qf2 {[%emt 0:00:04]} Rfe8 {[%emt 0:00:00]} 37. Kh2 {[%emt 0:00:05]} Re2 {[%emt 0:00:01]} 38. Qf3 {[%emt 0:00:02]} Rxb2 {[%emt 0:00:03]} 39. a3 {[%emt 0:00:03]} Rc2 {[%emt 0:00:03]} 40. Rh5 {[%emt 0:00:01]} Rc3 {[%emt 0:00:01]} 41. Qb7 {[%emt 0:00:04]} Qg6 {[%emt 0:00:05]} 42. Rdd5 {[%emt 0:00:05]} Qxg3+ {[%emt 0:00:01]} 0-1

[Event "11th LCC Super Blitz 2019"]
[Site "London"]
[Date "2019.12.08"]
[Round "6.4"]
[White "Arkell, Keith C"]
[Black "Willow, Jonah B"]
[Result "1-0"]
[WhiteElo "2453"]
[BlackElo "2355"]
[Annotator "ChessBase"]
[PlyCount "75"]
[EventDate "2019.12.08"]
[EventType "swiss"]
[EventCountry "ENG"]
[SourceTitle "playchess.com"]
[Source "ChessBase"]
[SourceQuality "1"]
[TimeControl "180+2"]

1. Nf3 {[%emt 0:00:01]} c5 {[%emt 0:00:00]} 2. c4 {[%emt 0:00:01]} Nc6 {[%emt 0:00:00]} 3. Nc3 {[%emt 0:00:03]} g6 {[%emt 0:00:00]} 4. g3 {[%emt 0:00:02]} Bg7 {[%emt 0:00:01]} 5. Bg2 {[%emt 0:00:01]} e6 {[%emt 0:00:01]} 6. e4 {[%emt 0:00:14]} Nge7 {[%emt 0:00:02]} 7. O-O {[%emt 0:00:03]} O-O {[%emt 0:00:04]} 8. d3 {[%emt 0:00:01]} d6 {[%emt 0:00:03]} 9. Re1 {[%emt 0:00:06]} Nd4 {[%emt 0:00:03]} 10. Rb1 {[%emt 0:00:03]} Nec6 {[%emt 0:00:18]} 11. Nxd4 {[%emt 0:00:08]} Nxd4 {[%emt 0:00:12]} 12. Bd2 {[%emt 0:00:04]} Rb8 {[%emt 0:00:14]} 13. b4 {[%emt 0:00:06]} b6 {[%emt 0:00:25]} 14. bxc5 {[%emt 0:00:04]} dxc5 {[%emt 0:00:01]} 15. Bf4 {[%emt 0:00:13]} e5 {[%emt 0:00:41]} 16. Bd2 {[%emt 0:00:04]} Bb7 {[%emt 0:00:03]} 17. Nd5 {[%emt 0:00:02]} Bxd5 {[%emt 0:00:04]} 18. cxd5 {[%emt 0:00:01]} b5 {[%emt 0:00:05]} 19. f4 {[%emt 0:00:18]} Qb6 {[%emt 0:00:21]} 20. Kh1 {[%emt 0:00:07]} Qa6 {[%emt 0:00:05]} 21. fxe5 {[%emt 0:00:11]} Bxe5 {[%emt 0:00:05]} 22. Bf4 {[%emt 0:00:01]} f6 {[%emt 0:00:11]} 23. Qd2 {[%emt 0:00:04]} c4 {[%emt 0:00:16]} 24. dxc4 bxc4 {[%emt 0:00:00]} 25. Bxe5 {[%emt 0:00:34]} fxe5 {[%emt 0:00:03]} 26. Rxb8 {[%emt 0:00:33]} Rxb8 {[%emt 0:00:00]} 27. Qg5 {[%emt 0:00:03]} Qd6 {[%emt 0:00:11]} 28. Rc1 {[%emt 0:00:02]} Rc8 {[%emt 0:00:22]} 29. Bh3 {[%emt 0:00:21]} Rc7 {[%emt 0:00:00]} 30. Rb1 {[%emt 0:00:01]} Kg7 {[%emt 0:00:00]} 31. Rb8 {[%emt 0:00:19]} h6 {[%emt 0:00:00]} 32. Qc1 {[%emt 0:00:02]} c3 {[%emt 0:00:03]} 33. Be6 {[%emt 0:00:01]} Nxe6 {[%emt 0:00:04]} 34. dxe6 {[%emt 0:00:02]} c2 {[%emt 0:00:02]} 35. Kg2 {[%emt 0:00:11]} Qd1 {[%emt 0:00:03]} 36. Qa3 {[%emt 0:00:01]} Qd2+ {[%emt 0:00:03]} 37. Kh3 {[%emt 0:00:01]} Qf2 {[%emt 0:00:19]} 38. Qd6 {[%emt 0:00:03]} 1-0

[Event "11th LCC Super Blitz 2019"]
[Site "London"]
[Date "2019.12.08"]
[Round "6.4"]
[White "Marusenko, Petr"]
[Black "Wallace, John Paul"]
[Result "0-1"]
[WhiteElo "2085"]
[BlackElo "2344"]
[Annotator "NA"]
[PlyCount "62"]
[EventDate "2019.12.08"]
[EventType "swiss"]
[EventCountry "ENG"]
[SourceTitle "playchess.com"]
[Source "ChessBase"]
[SourceQuality "1"]
[TimeControl "180+2"]

1. d4 {[%emt 0:00:00]} Nf6 {[%emt 0:00:00]} 2. c4 {[%emt 0:00:00]} g6 {[%emt 0:00:00]} 3. Nc3 {[%emt 0:00:02]} Bg7 {[%emt 0:00:00]} 4. g3 {[%emt 0:00:01]} O-O {[%emt 0:00:02]} 5. Bg2 {[%emt 0:00:01]} d6 {[%emt 0:00:01]} 6. Nf3 {[%emt 0:00:01]} Nbd7 {[%emt 0:00:01]} 7. O-O {[%emt 0:00:03]} e5 {[%emt 0:00:01]} 8. h3 {[%emt 0:00:01]} Re8 {[%emt 0:00:01]} 9. e4 {[%emt 0:00:03]} exd4 {[%emt 0:00:03]} 10. Nxd4 {[%emt 0:00:02]} Nc5 {[%emt 0:00:07]} 11. Re1 {[%emt 0:00:02]} Bd7 {[%emt 0:00:01]} 12. b4 {[%emt 0:00:20]} Ne6 {[%emt 0:00:01]} 13. Nxe6 {[%emt 0:00:02]} Bxe6 {[%emt 0:00:02]} 14. Qb3 {[%emt 0:00:12]} Nd7 {[%emt 0:00:09]} 15. Bb2 {[%emt 0:00:38]} c6 {[%emt 0:00:03]} 16. Rad1 {[%emt 0:00:02]} Qc7 {[%emt 0:00:14]} 17. Nd5 {[%emt 0:00:15]} cxd5 {[%emt 0:00:54]} 18. cxd5 {[%emt 0:00:01]} Bxh3 {[%emt 0:00:07]} 19. Bxh3 {[%emt 0:00:02]} Ne5 {[%emt 0:00:21]} 20. Bg2 {[%emt 0:00:02]} Rac8 {[%emt 0:00:07]} 21. Rc1 {[%emt 0:00:27]} Qb6 {[%emt 0:00:01]} 22. Rxc8 {[%emt 0:00:03]} Rxc8 {[%emt 0:00:01]} 23. Rd1 {[%emt 0:00:14]} Rc4 {[%emt 0:00:24]} 24. a3 {[%emt 0:00:16]} Qc7 {[%emt 0:00:01]} 25. f4 {[%emt 0:00:10]} Ng4 {[%emt 0:00:06]} 26. Bxg7 {[%emt 0:00:04]} Kxg7 {[%emt 0:00:07]} 27. Qb2+ {[%emt 0:00:11]} f6 {[%emt 0:00:17]} 28. Qe2 {[%emt 0:00:07]} h5 {[%emt 0:00:13]} 29. Rd2 {[%emt 0:00:14]} Rc1+ {[%emt 0:00:03]} 30. Bf1 {[%emt 0:00:02]} Qb6+ {[%emt 0:00:05]} 31. Kh1 {[%emt 0:00:07]} Ne3 {[%emt 0:00:03]} 0-1

[Event "11th LCC Super Blitz 2019"]
[Site "London"]
[Date "2019.12.08"]
[Round "6.4"]
[White "Davis, Holden"]
[Black "Cox, John J"]
[Result "0-1"]
[WhiteElo "1769"]
[BlackElo "2346"]
[Annotator "NA"]
[PlyCount "98"]
[EventDate "2019.12.08"]
[EventType "swiss"]
[EventCountry "ENG"]
[SourceTitle "playchess.com"]
[Source "ChessBase"]
[SourceQuality "1"]
[TimeControl "180+2"]

1. e4 {[%emt 0:00:00]} e6 {[%emt 0:00:00]} 2. d4 {[%emt 0:00:01]} d5 {[%emt 0:00:00]} 3. Nd2 {[%emt 0:00:01]} Nc6 {[%emt 0:00:02]} 4. Ngf3 {[%emt 0:00:06]} Nf6 {[%emt 0:00:01]} 5. e5 {[%emt 0:00:01]} Nd7 {[%emt 0:00:01]} 6. c3 {[%emt 0:00:07]} f6 {[%emt 0:00:02]} 7. exf6 {[%emt 0:00:02]} Qxf6 {[%emt 0:00:03]} 8. Be2 {[%emt 0:00:06]} Bd6 {[%emt 0:00:02]} 9. Nf1 {[%emt 0:00:05]} O-O {[%emt 0:00:03]} 10. Ng3 {[%emt 0:00:02]} Kh8 {[%emt 0:00:19]} 11. Bg5 {[%emt 0:00:10]} Qf7 {[%emt 0:00:05]} 12. O-O {[%emt 0:00:15]} e5 {[%emt 0:00:02]} 13. dxe5 {[%emt 0:00:03]} Ndxe5 {[%emt 0:00:01]} 14. Nd4 {[%emt 0:00:18]} Bd7 {[%emt 0:00:07]} 15. Qd2 {[%emt 0:00:20]} Rae8 {[%emt 0:00:02]} 16. Rae1 {[%emt 0:00:02]} Bc8 {[%emt 0:00:12]} 17. Bb5 {[%emt 0:00:16]} a6 {[%emt 0:00:05]} 18. Ba4 {[%emt 0:00:09]} Bd7 {[%emt 0:00:03]} 19. Bc2 {[%emt 0:00:03]} g6 {[%emt 0:00:21]} 20. Bh6 {[%emt 0:00:03]} Rg8 {[%emt 0:00:03]} 21. Be3 {[%emt 0:00:17]} Nc4 {[%emt 0:00:04]} 22. Qc1 {[%emt 0:00:06]} Nxe3 {[%emt 0:00:03]} 23. Rxe3 {[%emt 0:00:01]} Bf4 {[%emt 0:00:07]} 24. Rf3 {[%emt 0:00:09]} Rgf8 {[%emt 0:00:06]} 25. Qd1 {[%emt 0:00:09]} Bg4 {[%emt 0:00:06]} 26. Nxc6 {[%emt 0:00:11]} Bxf3 {[%emt 0:00:05]} 27. Qd4+ {[%emt 0:00:03]} Qg7 {[%emt 0:00:03]} 28. Qxg7+ {[%emt 0:00:14]} Kxg7 {[%emt 0:00:01]} 29. Nd4 {[%emt 0:00:03]} Bg4 {[%emt 0:00:06]} 30. Bb3 {[%emt 0:00:11]} c6 {[%emt 0:00:01]} 31. f3 {[%emt 0:00:09]} Bd7 {[%emt 0:00:02]} 32. Nge2 {[%emt 0:00:05]} Be3+ {[%emt 0:00:03]} 33. Kh1 {[%emt 0:00:01]} a5 {[%emt 0:00:09]} 34. a3 {[%emt 0:00:08]} Re7 {[%emt 0:00:09]} 35. Ng3 {[%emt 0:00:06]} Bxd4 {[%emt 0:00:03]} 36. cxd4 {[%emt 0:00:01]} Rfe8 {[%emt 0:00:02]} 37. Kg1 {[%emt 0:00:05]} Re1 {[%emt 0:00:01]} 38. Kf2 {[%emt 0:00:01]} Rxf1+ {[%emt 0:00:02]} 39. Nxf1 {[%emt 0:00:02]} Kf6 {[%emt 0:00:03]} 40. Ne3 {[%emt 0:00:02]} b6 {[%emt 0:00:02]} 41. Nc2 {[%emt 0:00:02]} Bf5 {[%emt 0:00:02]} 42. Ne1 {[%emt 0:00:02]} Re7 {[%emt 0:00:02]} 43. g4 {[%emt 0:00:01]} Bd7 {[%emt 0:00:05]} 44. Nd3 {[%emt 0:00:01]} Ke6 {[%emt 0:00:05]} 45. Nf4+ {[%emt 0:00:03]} Kd6 {[%emt 0:00:01]} 46. h3 {[%emt 0:00:03]} Be6 {[%emt 0:00:02]} 47. Nd3 {[%emt 0:00:01]} c5 {[%emt 0:00:03]} 48. dxc5+ {[%emt 0:00:02]} bxc5 {[%emt 0:00:02]} 49. Kg3 {[%emt 0:00:00]} c4 {[%emt 0:00:02]} 0-1

[Event "11th LCC Super Blitz 2019"]
[Site "London"]
[Date "2019.12.08"]
[Round "6.5"]
[White "Petrov, Vladimir Sergeev"]
[Black "Joslin, Tim"]
[Result "1-0"]
[WhiteElo "2355"]
[BlackElo "1822"]
[Annotator "NA"]
[PlyCount "31"]
[EventDate "2019.12.08"]
[EventType "swiss"]
[EventCountry "ENG"]
[SourceTitle "playchess.com"]
[Source "ChessBase"]
[SourceQuality "1"]
[TimeControl "180+2"]

1. e4 {[%emt 0:00:00]} d5 {[%emt 0:00:00]} 2. exd5 {[%emt 0:00:00]} Nf6 {[%emt 0:00:00]} 3. d4 {[%emt 0:00:07]} Bg4 {[%emt 0:00:00]} 4. Nf3 {[%emt 0:00:01]} Qxd5 {[%emt 0:00:02]} 5. Be2 {[%emt 0:00:05]} Nc6 {[%emt 0:00:01]} 6. Be3 {[%emt 0:00:08]} O-O-O {[%emt 0:00:08]} 7. Nbd2 {[%emt 0:00:11]} e5 {[%emt 0:00:11]} 8. c4 {[%emt 0:00:06]} Qa5 {[%emt 0:00:12]} 9. d5 {[%emt 0:00:04]} e4 {[%emt 0:00:28]} 10. dxc6 {[%emt 0:00:07]} exf3 {[%emt 0:00:06]} 11. cxb7+ {[%emt 0:00:03]} Kb8 {[%emt 0:00:12]} 12. gxf3 {[%emt 0:00:59]} Bh3 {[%emt 0:00:01]} 13. a3 {[%emt 0:00:04]} Bc5 {[%emt 0:00:19]} 14. b4 {[%emt 0:00:05]} Bxb4 {[%emt 0:00:13]} 15. axb4 {[%emt 0:00:02]} Qxb4 {[%emt 0:00:04]} 16. Bxa7+ {[%emt 0:00:05]} 1-0

[Event "11th LCC Super Blitz 2019"]
[Site "London"]
[Date "2019.12.08"]
[Round "6.5"]
[White "Eames, Robert S"]
[Black "Ozturan, Cem"]
[Result "1/2-1/2"]
[WhiteElo "2166"]
[BlackElo "1853"]
[Annotator "NA"]
[PlyCount "66"]
[EventDate "2019.12.08"]
[EventType "swiss"]
[EventCountry "ENG"]
[SourceTitle "playchess.com"]
[Source "ChessBase"]
[SourceQuality "1"]
[TimeControl "180+2"]

1. e4 {[%emt 0:00:00]} d5 {[%emt 0:00:03]} 2. exd5 {[%emt 0:00:02]} Qxd5 {[%emt 0:00:01]} 3. Nf3 {[%emt 0:00:02]} Nc6 {[%emt 0:00:03]} 4. d4 {[%emt 0:00:04]} Bg4 {[%emt 0:00:02]} 5. Be2 {[%emt 0:00:02]} O-O-O {[%emt 0:00:02]} 6. Be3 {[%emt 0:00:07]} e5 {[%emt 0:00:08]} 7. c4 {[%emt 0:00:05]} Qe4 {[%emt 0:00:03]} 8. Nc3 {[%emt 0:00:27]} Bb4 {[%emt 0:00:02]} 9. d5 {[%emt 0:00:01]} Bxf3 {[%emt 0:00:38]} 10. gxf3 {[%emt 0:00:17]} Qf5 {[%emt 0:00:08]} 11. Qa4 {[%emt 0:00:30]} Bxc3+ {[%emt 0:00:05]} 12. bxc3 {[%emt 0:00:02]} Nb8 {[%emt 0:00:31]} 13. Qxa7 {[%emt 0:00:13]} c6 {[%emt 0:00:29]} 14. O-O {[%emt 0:00:24]} Ne7 {[%emt 0:00:11]} 15. Bb6 {[%emt 0:00:08]} Rd7 {[%emt 0:00:04]} 16. Rfd1 {[%emt 0:00:12]} cxd5 {[%emt 0:00:09]} 17. cxd5 {[%emt 0:00:11]} Nxd5 {[%emt 0:00:08]} 18. Bb5 {[%emt 0:00:23]} Qg6+ {[%emt 0:00:16]} 19. Kf1 {[%emt 0:00:02]} Nxb6 {[%emt 0:00:05]} 20. Bxd7+ {[%emt 0:00:08]} N6xd7 {[%emt 0:00:13]} 21. Rab1 {[%emt 0:00:06]} Qa6+ {[%emt 0:00:05]} 22. Qxa6 {[%emt 0:00:03]} Nxa6 {[%emt 0:00:03]} 23. Rd6 {[%emt 0:00:02]} Nac5 {[%emt 0:00:07]} 24. Rbd1 {[%emt 0:00:01]} Kc7 {[%emt 0:00:02]} 25. R6d5 {[%emt 0:00:02]} f6 {[%emt 0:00:04]} 26. R1d2 {[%emt 0:00:01]} b6 {[%emt 0:00:01]} 27. Kg2 {[%emt 0:00:03]} Ra8 {[%emt 0:00:01]} 28. Kg3 {[%emt 0:00:02]} Ra4 {[%emt 0:00:02]} 29. Rc2 {[%emt 0:00:04]} Rc4 {[%emt 0:00:02]} 30. Rd1 {[%emt 0:00:03]} Ne6 {[%emt 0:00:06]} 31. Rdd2 {[%emt 0:00:05]} Nec5 {[%emt 0:00:01]} 32. Rd1 {[%emt 0:00:02]} Ne6 {[%emt 0:00:01]} 33. Rdd2 {[%emt 0:00:00]} Nec5 {[%emt 0:00:01]} 1/2-1/2